00892nam a2200229Ia 4500003000400000005001700004008004100021020001800062040001800080041000800098082002200106100003000128245009300158250001200251260004400263300003200307650004600339650005700385942003100442999001900473952017000492OSt20220804113127.0210716s2011 xx 000 0 und d a9788183334488 cAIMIT LIBRARY aeng a005.448 21bMCDK aMcDonald, Kevin T.953097 aCloud computing :bmanaging risk in the world of cloud computing /cBy Kevin T Mcdonald. a1st ed. aNew Delhi :bBPB Publications ,c2011 . axiii, 153p. ;bPBc21.5 cm. aOrganizing the cloud environment953098 aElasticity reduces need for capacity planning953109 2ddccBKe1stk005.448 MCDK c193397d193397 00102ddc40708MCAaAIMITbAIMITeKnowledge Worldg150.00iBill no:1616; Bill dt:2013-05-20l0o005.448 MCDKpMCA12905r2026-05-23 00:00:00v112.50w2021-07-16yBK